Čalúnická technológia pre 3. ročník SOU učebného odboru čalúnnik - čalúnnička

Bibliographic Details
Main Authors: Prokopová, Helena (Author), Drápela, Jindřich (Author)
Other Authors: Langová, Tatiana (Translator)
Format: Book
Language:Slovak
PhysicalDescription:152 s., 6,01 AH Sch. 20 cm
Published: Bratislava Alfa 1986
Edition:1. vyd.
Series:Edícia drevárskej, celulozárskej a papiernickej literatúry

MARC

LEADER 00000nam a2200000 a 4500
001 vtls001087832
003 SK-MaSNL
005 20260301062346.0
008 250414s1986 xo 0 slo
015 |a SNBA1986/05 
035 |a SNK000030672 
040 |a SNK  |b slo  |c SNK  |e AACR2 
041 0 |a slo 
044 |a xo  |c SK 
080 |a 684.73(075.3)  |2 1981 
100 1 |a Prokopová, Helena  |4 aut  |9 361323 
245 1 0 |a Čalúnická technológia pre 3. ročník SOU  |b učebného odboru čalúnnik - čalúnnička  |c Helena Prokopová, Jindřich Drápela ; Tatiana Langová 
250 |a 1. vyd. 
260 |a Bratislava  |b Alfa  |c 1986  |e Bratislava  |f Západoslovenské tlačiarne 
300 |a 152 s., 6,01 AH  |b Sch.  |c 20 cm 
366 |e 500 výtl. 
490 0 |a Edícia drevárskej, celulozárskej a papiernickej literatúry 
500 |a Lit. 14. Schválilo MŠ SSR. 14 zázn. v slov. a češ. 
700 1 |a Drápela, Jindřich  |4 aut  |9 361322 
700 1 |a Langová, Tatiana  |4 trl  |9 37061 
852 |a Slovenská národná knižnica 
958 |a OND 
958 |a NB 
958 |a UC 
958 |a CZ 
958 |a TL 
958 |a OP 
999 |c 620367  |d 622297 
952 |t P60, <04>, [BOOK], {604}  |a SNK  |b SNK  |y VYP  |7 0  |p 17A0175958  |o snkSD 57643 D1  |0 0  |1 0  |4 0  |d 1999-01-18  |l 0  |r 2004-12-31 00:00:00  |w 2026-02-23